Commodity studies and commodity fetishism II: Profits with principles ? (Record no. 55899)

MARC details
000 -LEADER
fixed length control field 00384nam a2200133Ia 4500
100 ## - MAIN ENTRY--AUTHOR NAME
Personal name Bernstein Henry
245 #0 - TITLE STATEMENT
Title Commodity studies and commodity fetishism II: Profits with principles ?
260 ## - PUBLICATION, DISTRIBUTION, ETC. (IMPRINT)
Name of publisher Journal of Agrarian Change
Year of publication 2006
300 ## - PHYSICAL DESCRIPTION
Number of Pages 414-447
650 ## - SUBJECT ADDED ENTRY--TOPICAL TERM
Topical Term Commodity studies
700 ## - ADDED ENTRY--PERSONAL NAME
Personal name Campling Liam
942 ## - ADDED ENTRY ELEMENTS (KOHA)
Koha item type Journals
Holdings
Withdrawn status Lost status Damaged status Not for loan Home library Current library Shelving location Date acquired Serial Enumeration / chronology Koha item type
      Journals RRII Library RRII Library Agricultural economics 17/12/2021 Volume 6, Issue 3 Journals